Most Common Country Name Passwords - Statistics

General Stats
  • This quiz has been taken 12 times
  • The average score is 12 of 20
Answer Stats
Rank Overall Countries % Correct
275 Canada
92%
1039 France
92%
1714 Germany
92%
570 Mexico
92%
781 Russia
92%
996 Brazil
83%
1775 Japan
83%
3091 Australia
75%
1680 Portugal
67%
3019 Sweden
67%
955 Turkey
67%
2468 Colombia
58%
843 Ireland
58%
2601 Israel
50%
487 Pakistan
42%
1228 Thailand
33%
885 Georgia
25%
38 Jordan
25%
1735 Panama
25%
1776 Jamaica
17%
No matching quizzes found
Score Distribution
Percent of People with Each Score
Percentile by Number Answered
Your Score History
You have not taken this quiz